000 00686cam a2200169 i 4500
005 20251201094712.0
008 250721s1988 le gr 000 0 ara d
082 1 4 _a212
_bس ي و
100 1 _aالسيوطي، جلال الدين عبد الرحمن
_d-911ه.
_eمؤلف.
245 1 2 _aالتحبير في علم التفسير :
_bمقابل على أربع نسخ خطيه /
_cللامام جلال الدين عبدالرحمن السيوطي.
264 3 1 _aبيروت :
_bدار الكتب العلميه،
_c1988.
300 _a224صفحه.
650 1 7 _aالقرآن الكريم.
650 1 7 _aتفسير القرآن.
942 _2ddc
_cBK
999 _c17284
_d17284